10 Countries in More Detail - Easy - Statistics

General Stats
  • This quiz has been taken 138 times
  • The average score is 56 of 100
Answer Stats
Hint Country % Correct
Winnipeg Canada
91%
Aberdeen United Kingdom
89%
West Virginia United States
88%
Alberta Canada
85%
Pasadena United States
81%
Hertfordshire United Kingdom
80%
Alcatraz United States
79%
Toulon France
78%
Yoko Ono Japan
78%
Adele United Kingdom
78%
Leonardo diCaprio United States
77%
Justin Trudeau Canada
76%
Google United States
75%
Nintendo Japan
74%
Daejeon South Korea
74%
PSY South Korea
73%
Skåne Sweden
73%
Sichuan China
72%
Kyushu Japan
72%
Samsung South Korea
72%
Ile d'Oléron France
71%
Louis Vuitton France
71%
Öland Sweden
71%
IKEA Sweden
71%
Hainan China
70%
Akita Japan
70%
Harbin China
69%
Picardie France
69%
Lugano Switzerland
69%
Jules Verne France
68%
Barclays United Kingdom
68%
Baguette France
66%
Luleå Sweden
66%
Hot Dog United States
66%
Sendai Japan
65%
Toyota Japan
65%
Sushi Japan
65%
Ford United States
65%
Gyeonggi South Korea
64%
Nestle Switzerland
64%
Cuiaba Brazil
62%
Maple syrup Canada
62%
Ai Weiwei China
62%
Jeju South Korea
62%
Fish and chips United Kingdom
62%
Carl XVI Gustaf Sweden
61%
Mato Grosso Brazil
60%
Gisele Bündchen Brazil
60%
Tim Hortons Canada
59%
Kia South Korea
59%
Volvo Sweden
58%
Noodles China
57%
Peugeot France
57%
Kimchi South Korea
57%
Leonhard Euler Switzerland
57%
Mull United Kingdom
57%
Alibaba China
56%
Aston Martin United Kingdom
55%
Thurgau Switzerland
54%
Itaú Brazil
53%
Axel Heiberg Canada
53%
Tupinambarana Brazil
52%
Björn Borg Sweden
52%
Isole di Brissago Switzerland
50%
Yao Ming China
48%
Pelé Brazil
47%
Köttbullar Sweden
47%
Ichiro Suzuki Japan
46%
Fondue Switzerland
46%
Caipirinha Brazil
44%
United States of America United States
44%
République française France
43%
República Federativa do Brasil Brazil
42%
Canada Canada
42%
Roger Federer Switzerland
42%
Park Ji-sung South Korea
41%
Schweizerische Eidgenossenschaft Switzerland
41%
United Kingdom of Great Britain and Northern Ireland United Kingdom
41%
Muhammad Ali United States
40%
日本国 (nihon-koku) Japan
39%
大韓民国 (daehan minguk) South Korea
39%
Thierry Henry France
38%
Lewis Hamilton United Kingdom
38%
中华人民共和国 (Zhōnghuá Rénmín Gònghéguó) China
36%
Troller Brazil
34%
Konungariket Sverige Sweden
34%
Wayne Gretzky Canada
33%
Eiffel Tower France
33%
Bombardier Canada
32%
Geely China
32%
Mount Fuji Japan
31%
Rinspeed Switzerland
31%
Cristo Redentor Brazil
29%
Loch Ness United Kingdom
28%
Banff National Park Canada
27%
Öresund Bridge Sweden
26%
Matterhorn Switzerland
25%
Monument Valley United States
23%
Gyeongbukgong South Korea
22%
Shilin (Stone Forest) China
21%
No matching quizzes found
Score Distribution
Percent of People with Each Score
Percentile by Number Answered
Your Score History
You have not taken this quiz